000 01457nam a2200301 a 4500
005 20080811105156.0
008 070914s2007 ii b 001 0 eng
010 _aENG-91809-10
020 _c450.00 (set of vol. I & II)
035 _aEN-75342-43
037 _bDBAD / PUB
040 _adpl
_bEnglish
082 _a954.52
245 _aCachar district records:
_ccompiled by D. Datta ; edited by Sunanda Datta.
_bletters subsequent to the annexation of Cachar, 1834-1853 /
260 _aKolkata :
_bThe Asiatic Society,
_c2007
270 _a1 Park Street
_bKolkata
_e700016
300 _a2v. (xv, 238p.; 239-427p.)
_c24 cm (Hb)
520 _aWith reference to India.
546 _aIncludes some passages in Bengali.
651 _aCāchār (India)
_xHistory
_vSources
700 _aDatta, Sunanda
700 _aDatta, D.
_d1918-1998.
_q(Debabrata)
700 _aDatta, Sunanda
710 _aAsiatic Society of Bengal.
942 _2ddc
_cEN
_mCAC
_h954.52
999 _c19071
_d19071